000 00835nam a2200241 a 4500
001 BRCA_434
005 20190320203017.0
008 120908s1989----sp-a---###---#000-0#spa-#
020 _a847630028x
050 4 _aNK4380
_b.D58 1989
100 1 _aDivis, Jan
_91479
245 1 0 _aEl arte de la porcelana en Europa
_cJan Divis ; prólogo y leyendas de Marielle Ernould-Gandouet.
260 _aMadrid
_bLibsa
_c1989
300 _a232 p.
_bil.
_c29 cm.
500 _aIncluye índice onomástico
504 _aBibliografía : p. 215-223
650 1 4 _aPorcelana europea
_vTécnicas y marcas
_91480
650 1 4 _aPorcelana europea
_xHistoria
_ySiglos XVII al XX
_91481
650 1 4 _aPorcelana de Meissen (Alemania)
_91482
700 1 _aBöttger, Johann Friedrich
_f1682-1719
_91483
710 2 _aErnould-Gandouet, Marielle
_91484
942 _2lcc
_cB
999 _c369
_d369